Normal view
MARC view
- Benedict, Robert P
Entry Personal Name
001 - CONTROL NUMBER
- control field: 86856
003 - CONTROL NUMBER IDENTIFIER
- control field: NUST
005 - DATE AND TIME OF LATEST TRANSACTION
- control field: 20211221111958.0
008 - FIXED-LENGTH DATA ELEMENTS
- fixed length control field: 211221|| aca||aabn | a|a d
040 ## - CATALOGING SOURCE
- Original cataloging agency: NUST
- Transcribing agency: NUST
100 ## - HEADING--PERSONAL NAME
- Personal name: Benedict, Robert P
670 ## - SOURCE DATA FOUND
- Source citation: Work cat.: (NUST)33579: Benedict, Robert P., Fundamentals of temperature, pressure, and flow measurements /, c2011.
